[Event "Africa-ch rapid (Women)"]
[Site "Accra"]
[Date "2024.03.10"]
[Round "1"]
[White "Tsinjoviniavo, Aina Mahasambatra"]
[Black "Mbatha, Constance Chileshe"]
[Result "0-1"]
[WhiteElo "1681"]
[BlackElo "1799"]
[PlyCount "61"]
[EventDate "2024.03.07"]
[EventType "swiss (rapid)"]
[EventRounds "6"]
[EventCountry "GHA"]
[SourceTitle "CB15_2024"]
[SourceDate "2024.04.10"]
[SourceVersion "1"]
[SourceVersionDate "2024.04.10"]
[SourceQuality "1"]

1. e4 e5 2. Nf3 d6 3. d4 exd4 4. Nxd4 h6 5. Nc3 Nf6 6. Be2 Bd7 7. 0-0 Be7 8. Bf4 Nc6 9. Nf5 Bxf5 10. exf5 0-0 11. Bc4 Ne5 12. Bb3 c6 13. Re1 Qc7 14. Qe2 Rae8 15. Rad1 a6 16. Kf1 b5 17. Bxe5 dxe5 18. Qxe5 Qb6 19. Ne4 Nxe4 20. Rxe4 Qb7 21. Qf4 Bf6 22. c3 c5 23. Rde1 Rxe4 24. Rxe4 c4 25. Bd1 Qd7 26. Ke1 Rd8 27. Bh5 Bg5 28. Qe5 Qd2+ 29. Kf1 Qd3+ 30. Be2 Qb1+ 31. Bd1 0-1

[Event "Africa-chT rapid 13th"]
[Site "Accra"]
[Date "2024.03.09"]
[Round "5.6"]
[White "Peace, Samson"]
[Black "Mbatha, Constance Chileshe"]
[Result "1-0"]
[WhiteElo "1870"]
[BlackElo "1799"]
[PlyCount "91"]
[EventDate "2024.03.09"]
[EventType "team-swiss (rapid)"]
[EventRounds "6"]
[EventCountry "GHA"]
[SourceTitle "CB11_2024"]
[SourceDate "2024.03.13"]
[SourceVersion "1"]
[SourceVersionDate "2024.03.13"]
[SourceQuality "1"]
[WhiteTeam "Nigeria"]
[BlackTeam "Zambia"]
[WhiteTeamCountry "NGR"]
[BlackTeamCountry "ZAM"]

1. e4 e5 2. Nf3 Nc6 3. Bc4 h6 4. d4 exd4 5. Nxd4 Nxd4 6. Qxd4 d6 7. 0-0 Be6 8. e5 d5 9. Bb3 Ne7 10. f4 c6 11. Nc3 b6 12. Kh1 Nf5 13. Qd3 Bc5 14. Na4 Be7 15. Nc3 Bc5 16. Ne2 h5 17. Ba4 b5 18. Bxb5 Qb6 19. Ba4 0-0 20. Bb3 Rad8 21. Bd2 Be7 22. Ng3 Nxg3+ 23. Qxg3 Bf5 24. Qe1 c5 25. Ba5 Qc6 26. Bxd8 Rxd8 27. c3 d4 28. cxd4 cxd4 29. Rc1 Qa8 30. Rc7 Bh3 31. Qg3 Bg4 32. Rxe7 Rf8 33. h3 Be2 34. Re1 d3 35. e6 Qd8 36. Rd7 Qf6 37. exf7+ Kh7 38. Bc4 g6 39. Bxd3 Bxd3 40. Qxd3 Rxf7 41. Rxf7+ Qxf7 42. Qd6 Qxa2 43. Re7+ Kh6 44. Qe5 Qb1+ 45. Kh2 Qf5 46. Qh8# 1-0

[Event "Olympiad Women-44"]
[Site "Chennai"]
[Date "2022.08.03"]
[Round "6.2"]
[White "Eman, Sawan"]
[Black "Mbatha, Constance Chileshe"]
[Result "1-0"]
[WhiteElo "1847"]
[BlackElo "1614"]
[PlyCount "81"]
[EventDate "2022.07.29"]
[EventType "team-swiss"]
[EventRounds "11"]
[EventCountry "IND"]
[SourceTitle "CBM 210"]
[Source "ChessBase"]
[SourceDate "2022.10.31"]
[SourceVersion "1"]
[SourceVersionDate "2022.10.31"]
[SourceQuality "1"]
[WhiteTeam "Palestine (W)"]
[BlackTeam "Zambia (W)"]
[WhiteTeamCountry "PLE"]
[BlackTeamCountry "ZAM"]

1. e4 e5 2. Nf3 d6 3. d4 exd4 4. Nxd4 Nf6 5. Nc3 Be7 6. g3 Bd7 7. Bg2 Nc6 8. 0-0 0-0 9. h3 h6 10. Nf5 Re8 11. g4 Bf8 12. h4 Nh7 13. Nd5 Rc8 14. g5 g6 15. Nxh6+ Bxh6 16. gxh6 Qxh4 17. f4 Bg4 18. Qd3 Qxh6 19. f5 g5 20. Qg3 Be2 21. Rf2 Ba6 22. Bh1 f6 23. Rh2 Qg7 24. Bf3 Nd4 25. Rg2 Nxf3+ 26. Qxf3 c6 27. Nf4 Nf8 28. Nh5 Qe7 29. Bxg5 fxg5 30. f6 Qf7 31. Rxg5+ Ng6 32. Nf4 Re5 33. Rxg6+ Kf8 34. Qg4 b6 35. Rg7 Qxf6 36. Rg8+ Kf7 37. Rg6 Qh8 38. Nd3 Bxd3 39. cxd3 Rf8 40. Rf1+ Ke7 41. Rg7+ 1-0

[Event "Online Olym Div3 C"]
[Site "Chess.com INT"]
[Date "2021.08.28"]
[Round "5.3"]
[White "Mbatha, Constance Chileshe"]
[Black "Fatima, Saif Al Ali"]
[Result "0-1"]
[WhiteElo "1705"]
[BlackElo "1352"]
[PlyCount "90"]
[EventDate "2021.08.27"]
[EventType "team-tourn (rapid)"]
[EventRounds "9"]
[EventCountry "USA"]
[SourceTitle "CBM 204 Extra"]
[Source "ChessBase"]
[SourceDate "2021.11.30"]
[SourceVersion "1"]
[SourceVersionDate "2021.11.30"]
[SourceQuality "1"]
[WhiteTeam "Zambia"]
[BlackTeam "United Arab Emirates"]
[WhiteTeamCountry "ZAM"]
[BlackTeamCountry "UAE"]

1. e4 c6 2. d4 d5 3. exd5 cxd5 4. Nf3 Nf6 5. Nc3 Nc6 6. Be2 g6 7. 0-0 Bg7 8. Be3 0-0 9. a3 Qc7 10. Rc1 e6 11. g3 a6 12. Na2 b5 13. c3 Bb7 14. Nb4 Nxb4 15. cxb4 Qe7 16. Rc5 Ne4 17. Rc2 Rac8 18. Bd3 Rxc2 19. Bxc2 Nd6 20. Bb3 Rc8 21. Qd2 Nc4 22. Bxc4 dxc4 23. Rc1 Bxf3 24. Re1 Qb7 25. Bf4 Bh1 26. f3 Qxf3 27. Be5 Bh6 28. Qf2 Qxf2+ 29. Kxf2 Bd5 30. h4 Bg7 31. Bxg7 Kxg7 32. g4 c3 33. bxc3 Rxc3 34. Re3 Rc4 35. Rd3 Be4 36. Rd2 Bd5 37. Ke3 Rc3+ 38. Kf4 Rxa3 39. g5 Rh3 40. Ke5 Rxh4 41. Rf2 Rg4 42. Kd6 Rxg5 43. Ke7 Rf5 44. Rc2 Bc4 45. Ra2 Bxa2 0-1

[Event "Online Olym Div3 C"]
[Site "Chess.com INT"]
[Date "2020.08.09"]
[Round "9.5"]
[White "Ali Khan, Amani"]
[Black "Mbatha, Constance Chileshe"]
[Result "0-1"]
[WhiteElo "1212"]
[BlackElo "1647"]
[PlyCount "98"]
[EventDate "2020.08.07"]
[EventType "team-tourn (rapid)"]
[EventRounds "9"]
[EventCountry "USA"]
[SourceTitle "CBM 198"]
[Source "ChessBase"]
[SourceDate "2020.10.31"]
[SourceVersion "1"]
[SourceVersionDate "2020.10.31"]
[SourceQuality "1"]
[WhiteTeam "Lebanon"]
[BlackTeam "Zambia"]
[WhiteTeamCountry "LBN"]
[BlackTeamCountry "ZAM"]

1. e4 e5 2. Nf3 d6 3. Bc4 h6 4. d3 Nf6 5. h3 Be7 6. c3 0-0 7. Bb3 Be6 8. Bc2 c6 9. Nbd2 Nbd7 10. Nf1 Nb6 11. Ng3 Qd7 12. Qe2 Rae8 13. Nh4 d5 14. Nhf5 Nh7 15. Qg4 g6 16. Nxh6+ Kh8 17. Qf3 f5 18. exf5 gxf5 19. 0-0 Bd6 20. Qh5 f4 21. Nh1 Re7 22. Bd1 Rg7 23. Qf3 Rf6 24. Ng4 Rfg6 25. Re1 Bxg4 26. hxg4 Rxg4 27. Qh3 Rxg2+ 28. Qxg2 Rxg2+ 29. Kxg2 Qg7+ 30. Kf1 Ng5 31. Bd2 e4 32. dxe4 dxe4 33. Be2 f3 34. Bd1 Nh3 35. Ng3 Bxg3 36. Rxe4 Bf4 37. Re8+ Kh7 38. Bc2+ Kh6 39. Re6+ Kh5 40. Bg6+ Kh4 41. Bxf4 Nxf4 42. Re4 Kg5 43. Be8 Qh8 44. Ke1 Qh1+ 45. Kd2 Qxa1 46. Re5+ Kf6 47. Re4 Nbd5 48. Kc2 Qf1 49. Kb3 Qxf2 0-1

[Event "Online Olym Div3 C"]
[Site "Chess.com INT"]
[Date "2020.08.09"]
[Round "8.1"]
[White "Mbatha, Constance Chileshe"]
[Black "Andrianarison, Ny Koloina"]
[Result "1-0"]
[WhiteElo "1647"]
[BlackElo "1413"]
[PlyCount "65"]
[EventDate "2020.08.07"]
[EventType "team-tourn (rapid)"]
[EventRounds "9"]
[EventCountry "USA"]
[SourceTitle "CBM 198"]
[Source "ChessBase"]
[SourceDate "2020.10.31"]
[SourceVersion "1"]
[SourceVersionDate "2020.10.31"]
[SourceQuality "1"]
[WhiteTeam "Zambia"]
[BlackTeam "Madagascar"]
[WhiteTeamCountry "ZAM"]
[BlackTeamCountry "MAD"]

1. e4 e6 2. d4 d5 3. exd5 exd5 4. Nf3 Nf6 5. Be3 c6 6. Be2 Bd6 7. 0-0 Be6 8. b3 0-0 9. c4 Nbd7 10. c5 Bc7 11. a4 b6 12. b4 bxc5 13. dxc5 Ne4 14. Nd4 Qb8 15. Nxc6 Bxh2+ 16. Kh1 Qc7 17. Nd4 Be5 18. Nd2 Nc3 19. Qe1 Nxe2 20. Qxe2 Qd8 21. g3 Nf6 22. Kg2 Rb8 23. b5 Bg4 24. f3 Bd7 25. f4 Bxd4 26. Bxd4 Re8 27. Qf2 Qc8 28. Rfe1 Bh3+ 29. Kg1 Rxe1+ 30. Rxe1 Ng4 31. Qf3 Nh6 32. Qe2 Qf5 33. Qe8+ 1-0

[Event "Online Olym Div3 C"]
[Site "Chess.com INT"]
[Date "2020.08.07"]
[Round "3.3"]
[White "Mbatha, Constance Chileshe"]
[Black "Musabayeva, Diana"]
[Result "0-1"]
[WhiteElo "1647"]
[BlackElo "1842"]
[PlyCount "72"]
[EventDate "2020.08.07"]
[EventType "team-tourn (rapid)"]
[EventRounds "9"]
[EventCountry "USA"]
[SourceTitle "CBM 198"]
[Source "ChessBase"]
[SourceDate "2020.10.31"]
[SourceVersion "1"]
[SourceVersionDate "2020.10.31"]
[SourceQuality "1"]
[WhiteTeam "Zambia"]
[BlackTeam "Belgium"]
[WhiteTeamCountry "ZAM"]
[BlackTeamCountry "BEL"]

1. e4 c5 2. Nc3 d6 3. f4 Nf6 4. Nf3 a6 5. Be2 e6 6. 0-0 Be7 7. h3 0-0 8. d4 cxd4 9. Qxd4 Nbd7 10. Be3 Qc7 11. Kh1 b5 12. a3 Bb7 13. Rad1 Rfd8 14. e5 Nd5 15. Nxd5 Bxd5 16. Qd2 dxe5 17. fxe5 Nxe5 18. Qe1 Nxf3 19. Bxf3 Bxf3 20. gxf3 Rxd1 21. Qxd1 Qg3 22. Qe2 Qxh3+ 23. Kg1 Rc8 24. Rf2 Bc5 25. Rh2 Qg3+ 26. Rg2 Qh4 27. c3 Qf4 28. Bxc5 Rxc5 29. Rg4 Qc1+ 30. Kg2 Rh5 31. Kg3 Qg1+ 32. Qg2 Qe1+ 33. Qf2 Rh3+ 34. Kxh3 Qxf2 35. Rg2 Qxf3+ 36. Kh2 f5 0-1

[Event "Africa-ch U1700/2300 (Women)"]
[Site "Windhoek"]
[Date "2019.01.02"]
[Round "4.1"]
[White "Shipindo, Rauha"]
[Black "Mbatha, Constance Chileshe"]
[Result "0-1"]
[WhiteElo "1544"]
[BlackElo "1754"]
[PlyCount "60"]
[EventDate "2018.12.31"]
[EventType "swiss"]
[EventRounds "9"]
[EventCountry "NAM"]
[SourceTitle "EXT 2024"]
[Source "ChessBase"]
[SourceDate "2023.10.10"]
[SourceVersion "1"]
[SourceVersionDate "2023.10.10"]
[SourceQuality "1"]

1. e4 e5 2. Nf3 Nc6 3. Bc4 Bc5 4. Nc3 Nge7 5. d3 0-0 6. a3 h6 7. 0-0 Kh8 8. Be3 Bb6 9. Bxb6 axb6 10. Nd5 d6 11. h3 f5 12. exf5 Bxf5 13. Ne3 Bh7 14. Nh4 Nf5 15. Nhxf5 Bxf5 16. Qh5 Bh7 17. c3 Ne7 18. Rad1 d5 19. Bb3 d4 20. cxd4 exd4 21. Ng4 Ng6 22. Ne5 Nxe5 23. Qxe5 Ra5 24. Qe2 Re8 25. Qd2 Rae5 26. Bc2 Re2 27. Qc1 Qd7 28. Ba4 c6 29. Qc4 b5 30. Bxb5 cxb5 0-1

[Event "Olympiad Women-43"]
[Site "Batumi"]
[Date "2018.10.03"]
[Round "9.4"]
[White "Mbatha, Constance Chileshe"]
[Black "Gonzalez, Yaribeth"]
[Result "1-0"]
[WhiteElo "1734"]
[BlackElo "1727"]
[PlyCount "101"]
[EventDate "2018.09.24"]
[EventType "team-swiss"]
[EventRounds "11"]
[EventCountry "GEO"]
[SourceTitle "EXT 2020"]
[Source "ChessBase"]
[SourceDate "2019.10.17"]
[SourceVersion "1"]
[SourceVersionDate "2019.10.17"]
[SourceQuality "1"]
[WhiteTeam "Zambia (W)"]
[BlackTeam "Panama (W)"]
[WhiteTeamCountry "ZAM"]
[BlackTeamCountry "PAN"]

1. e4 e5 2. Nf3 Nc6 3. Bc4 d6 4. d3 Be7 5. Be3 Nf6 6. 0-0 0-0 7. Nbd2 d5 8. exd5 Nxd5 9. Nb3 Bg4 10. Qd2 Bxf3 11. gxf3 a6 12. a4 Kh8 13. Kh1 f5 14. Rg1 f4 15. Bc5 Nb6 16. Bxe7 Qxe7 17. Qe2 Nxc4 18. dxc4 Rae8 19. Qe4 Rf6 20. Rg4 Rh6 21. Rag1 g6 22. Rd1 Rd8 23. Rd5 Rh4 24. c3 Rxg4 25. fxg4 Rxd5 26. cxd5 Nd8 27. Nd2 Nf7 28. Nf3 Kg8 29. Kg2 Kf8 30. Kf1 a5 31. Ke2 Qd6 32. b4 axb4 33. cxb4 c6 34. dxc6 bxc6 35. a5 Qc7 36. Qc4 Ke7 37. Qc5+ Ke8 38. a6 e4 39. Nd4 f3+ 40. Ke3 Ne5 41. Kxe4 Nxg4 42. Qxc6+ Qxc6+ 43. Nxc6 Nf6+ 44. Kxf3 Nd7 45. b5 Nb6 46. Ne5 Kd8 47. a7 Kc8 48. Nc4 Na8 49. b6 Kb7 50. Kf4 h6 51. h4 1-0

[Event "Olympiad Women-43"]
[Site "Batumi"]
[Date "2018.09.30"]
[Round "6.57"]
[White "Mbatha, Constance Chileshe"]
[Black "Sitoe, Cheila Andre"]
[Result "0-1"]
[WhiteElo "1734"]
[BlackElo "1545"]
[PlyCount "112"]
[EventDate "2018.09.24"]
[EventType "team-swiss"]
[EventRounds "11"]
[EventCountry "GEO"]
[SourceTitle "EXT 2020"]
[Source "ChessBase"]
[SourceDate "2019.10.17"]
[SourceVersion "1"]
[SourceVersionDate "2019.10.17"]
[SourceQuality "1"]
[WhiteTeam "Zambia (W)"]
[BlackTeam "Mozambique (W)"]
[WhiteTeamCountry "ZAM"]
[BlackTeamCountry "MOZ"]

1. d4 d5 2. c4 c6 3. Nc3 Nf6 4. e3 e6 5. Nf3 Be7 6. Be2 0-0 7. 0-0 Qc7 8. Bd2 Nbd7 9. Rc1 Re8 10. cxd5 exd5 11. a3 Nf8 12. Bd3 Bg4 13. Be2 Bd6 14. g3 Ng6 15. Ne1 Bh3 16. Ng2 Re7 17. Re1 Rae8 18. b4 a6 19. Bf3 Qd7 20. Ne2 h5 21. Nef4 Bxf4 22. Nxf4 Nxf4 23. gxf4 Bg4 24. Kh1 Qf5 25. Bxg4 Nxg4 26. Qe2 Qxf4 27. f3 Nxe3 28. Qf2 Qxd4 29. Bc3 Qf4 30. Rg1 g6 31. Bd2 Qf5 32. Qg3 Re6 33. Bc3 Nc4 34. Rce1 Rxe1 35. Rxe1 Rxe1+ 36. Bxe1 Ne5 37. Kg2 Kh7 38. Bd2 b6 39. a4 c5 40. a5 bxa5 41. bxc5 d4 42. Qf2 a4 43. Bb4 Qg5+ 44. Kf1 Qc1+ 45. Kg2 Qc4 46. Qd2 Nd3 47. Ba3 Nxc5 48. Bc1 Nd3 49. Qh6+ Kg8 50. Bg5 Qc6 51. Be7 Ne1+ 52. Kf2 Qxf3+ 53. Kxe1 Qe4+ 54. Kd1 Qxe7 55. Qf4 d3 56. Qf3 Qe2+ 0-1

[Event "Olympiad Women-43"]
[Site "Batumi"]
[Date "2018.09.28"]
[Round "5.50"]
[White "Joao, Delfina"]
[Black "Mbatha, Constance Chileshe"]
[Result "0-1"]
[WhiteElo "1556"]
[BlackElo "1734"]
[PlyCount "74"]
[EventDate "2018.09.24"]
[EventType "team-swiss"]
[EventRounds "11"]
[EventCountry "GEO"]
[SourceTitle "EXT 2020"]
[Source "ChessBase"]
[SourceDate "2019.10.17"]
[SourceVersion "1"]
[SourceVersionDate "2019.10.17"]
[SourceQuality "1"]
[WhiteTeam "Angola (W)"]
[BlackTeam "Zambia (W)"]
[WhiteTeamCountry "ANG"]
[BlackTeamCountry "ZAM"]

1. e4 c5 2. Nf3 Nc6 3. d4 cxd4 4. Nxd4 Nxd4 5. Qxd4 e6 6. Nc3 d6 7. Be3 Ne7 8. Bb5+ Nc6 9. Bxc6+ bxc6 10. 0-0 Qc7 11. Rfe1 Bb7 12. Rad1 f6 13. f4 Be7 14. Qc4 Qd7 15. Bc5 Qc7 16. Ba3 Kf7 17. f5 Rhd8 18. Qxe6+ Kf8 19. Qc4 Rd7 20. Ne2 Qb6+ 21. Kh1 d5 22. Bxe7+ Rxe7 23. Qd4 c5 24. Qc3 Rxe4 25. Ng3 d4 26. Qa3 Rxe1+ 27. Rxe1 Qc6 28. Re2 Re8 29. Qd3 Re5 30. Qd2 Qd5 31. a3 a5 32. Rxe5 fxe5 33. Nh5 Qe4 34. Ng3 Qc6 35. Kg1 e4 36. Kf1 e3 37. Qd3 Ba6 0-1

[Event "Olympiad Women-43"]
[Site "Batumi"]
[Date "2018.09.26"]
[Round "3.49"]
[White "Garcia Mendez, Alcira Guadalupe"]
[Black "Mbatha, Constance Chileshe"]
[Result "1-0"]
[WhiteElo "1741"]
[BlackElo "1734"]
[PlyCount "99"]
[EventDate "2018.09.24"]
[EventType "team-swiss"]
[EventRounds "11"]
[EventCountry "GEO"]
[SourceTitle "EXT 2020"]
[Source "ChessBase"]
[SourceDate "2019.10.17"]
[SourceVersion "1"]
[SourceVersionDate "2019.10.17"]
[SourceQuality "1"]
[WhiteTeam "El Salvador (W)"]
[BlackTeam "Zambia (W)"]
[WhiteTeamCountry "ESA"]
[BlackTeamCountry "ZAM"]

1. e4 e5 2. Nf3 d6 3. d4 exd4 4. Nxd4 Nf6 5. Nc3 a6 6. Bg5 Be7 7. Qd2 Nc6 8. 0-0-0 Be6 9. h3 0-0 10. f4 Nxd4 11. Qxd4 c5 12. Qd2 Qa5 13. e5 dxe5 14. fxe5 Nd5 15. Nxd5 Qxd2+ 16. Bxd2 Bxd5 17. c4 Bc6 18. Rg1 Rfd8 19. g4 Bf3 20. Re1 Bh4 21. Re3 Bf2 22. Rxf3 Bxg1 23. Rb3 Rd7 24. Bg2 Rad8 25. Ba5 Rd1+ 26. Kc2 b6 27. Rxb6 Be3 28. Rxa6 Rc1+ 29. Kb3 Rb8+ 30. Bb6 Rd1 31. a4 Rd3+ 32. Ka2 Bd4 33. a5 Rd2 34. Bd5 Rxb2+ 35. Ka3 Bxe5 36. Ra7 R2xb6 37. axb6 Rxb6 38. Rxf7 Ra6+ 39. Kb3 Rb6+ 40. Ka4 Rb4+ 41. Ka5 h6 42. Re7+ Kf8 43. Rxe5 Rb3 44. h4 g6 45. h5 gxh5 46. gxh5 Kg7 47. Rf5 Kh7 48. Be4 Kg7 49. Rxc5 Kf6 50. Rb5 1-0

[Event "Matola zt 4.3 (Women)"]
[Site "Matola"]
[Date "2018.04.10"]
[Round "4.4"]
[White "Mbatha, Constance Chileshe"]
[Black "Van Niekerk, Megan C"]
[Result "0-1"]
[WhiteElo "1773"]
[BlackElo "1674"]
[PlyCount "68"]
[EventDate "2018.04.08"]
[EventType "swiss"]
[EventRounds "9"]
[EventCountry "MOZ"]
[SourceTitle "EXT 2024"]
[Source "ChessBase"]
[SourceDate "2023.10.10"]
[SourceVersion "1"]
[SourceVersionDate "2023.10.10"]
[SourceQuality "1"]

1. d4 d5 2. Nf3 Nf6 3. Bf4 Nbd7 4. c4 c6 5. Nc3 e6 6. e3 Be7 7. c5 Nh5 8. Bg3 Nxg3 9. hxg3 Qc7 10. Qc2 g6 11. Be2 e5 12. 0-0-0 exd4 13. exd4 Bf6 14. Bd3 Nf8 15. Rde1+ Ne6 16. Qd2 Bg7 17. Bc2 0-0 18. Rh2 Rd8 19. Reh1 Nf8 20. Ng5 h5 21. f4 f5 22. Nf3 Kh7 23. Ne5 b6 24. Qe2 bxc5 25. dxc5 Bxe5 26. fxe5 Qe7 27. Bd1 Kg7 28. Na4 Nd7 29. e6 Nf6 30. Qe5 Qxe6 31. Qc3 d4 32. Qa5 Qe3+ 33. Kb1 Re8 34. Ka1 Qc1# 0-1

[Event "Matola zt 4.3 (Women)"]
[Site "Matola"]
[Date "2018.04.08"]
[Round "1.4"]
[White "Efentakis, Katina"]
[Black "Mbatha, Constance Chileshe"]
[Result "0-1"]
[WhiteElo "1553"]
[BlackElo "1773"]
[PlyCount "45"]
[EventDate "2018.04.08"]
[EventType "swiss"]
[EventRounds "9"]
[EventCountry "MOZ"]
[SourceTitle "EXT 2024"]
[Source "ChessBase"]
[SourceDate "2023.10.10"]
[SourceVersion "1"]
[SourceVersionDate "2023.10.10"]
[SourceQuality "1"]

1. e4 e5 2. Nf3 Nc6 3. Bc4 Bc5 4. d3 h6 5. Nc3 Nf6 6. 0-0 0-0 7. Nd5 d6 8. Be3 Bb6 9. h3 Nxd5 10. Bxd5 Ne7 11. Bxb6 axb6 12. Bb3 Ng6 13. c3 Be6 14. d4 Qe7 15. Re1 Rad8 16. d5 Bc8 17. c4 f5 18. Nd2 f4 19. Kh2 Qg5 20. Kh1 Nh4 21. Rg1 Bxh3 22. Qf1 Bc8 23. Qe1 0-1

[Event "Livingstone zt 4.3 (Women)"]
[Site "Livingstone"]
[Date "2017.06.14"]
[Round "6"]
[White "Mbatha, Constance Chileshe"]
[Black "Francis, Onkemetse"]
[Result "1/2-1/2"]
[WhiteElo "1784"]
[BlackElo "1837"]
[PlyCount "107"]
[EventDate "2017.06.10"]
[EventType "swiss"]
[EventRounds "9"]
[EventCountry "ZAM"]
[SourceTitle "EXT 2020"]
[Source "ChessBase"]
[SourceDate "2019.10.17"]
[SourceVersion "1"]
[SourceVersionDate "2019.10.17"]
[SourceQuality "1"]

1. e4 d5 2. exd5 Qxd5 3. Nc3 Qd8 4. d4 Nf6 5. Nf3 Bf5 6. Be2 e6 7. 0-0 Be7 8. Bf4 h6 9. h3 c6 10. a3 Nbd7 11. Qd2 Nb6 12. Rad1 Nbd5 13. Nxd5 Nxd5 14. Bh2 0-0 15. c3 Nf6 16. Bd3 Bxd3 17. Qxd3 Bd6 18. Ne5 Qe7 19. f4 Rad8 20. Qf3 Bb8 21. g4 Nd7 22. Kg2 Nxe5 23. fxe5 Qd7 24. Qe2 Qd5+ 25. Kg1 Qa5 26. Bg3 c5 27. dxc5 Qxc5+ 28. Kh2 Rxd1 29. Rxd1 Qc7 30. Qb5 a6 31. Qb3 Qc6 32. Qb4 Qf3 33. Rd2 Ba7 34. Qf4 Qc6 35. Bf2 Bb8 36. Bd4 Bc7 37. Rf2 Bb6 38. g5 hxg5 39. Qxg5 Bd8 40. Qg4 Qc7 41. Rg2 f5 42. Qf4 Qf7 43. Bc5 Re8 44. b4 Qh5 45. Qg3 Qh7 46. c4 Bh4 47. Qf3 g5 48. Bf2 Kh8 49. Bxh4 Qxh4 50. Qxb7 Qf4+ 51. Kh1 Qf1+ 52. Kh2 Qf4+ 53. Kh1 Qf1+ 54. Kh2 1/2-1/2

[Event "Livingstone zt 4.3 (Women)"]
[Site "Livingstone"]
[Date "2017.06.11"]
[Round "2"]
[White "Mbatha, Constance Chileshe"]
[Black "Laubscher, Anzel"]
[Result "1/2-1/2"]
[WhiteElo "1784"]
[BlackElo "1802"]
[PlyCount "60"]
[EventDate "2017.06.10"]
[EventType "swiss"]
[EventRounds "9"]
[EventCountry "ZAM"]
[SourceTitle "EXT 2020"]
[Source "ChessBase"]
[SourceDate "2019.10.17"]
[SourceVersion "1"]
[SourceVersionDate "2019.10.17"]
[SourceQuality "1"]

1. d4 d5 2. c4 e6 3. Nc3 Nf6 4. Nf3 Nbd7 5. Bg5 c6 6. e3 Be7 7. Be2 0-0 8. 0-0 dxc4 9. Bxc4 b5 10. Bd3 a6 11. a3 c5 12. Rc1 c4 13. Bb1 Bb7 14. Qe2 Re8 15. Rfd1 h6 16. Bh4 Qb6 17. e4 Nh5 18. Bg3 Nxg3 19. hxg3 Rad8 20. e5 a5 21. d5 Bc5 22. d6 f6 23. exf6 Nxf6 24. Bg6 Bxf3 25. gxf3 Rf8 26. Qxe6+ Kh8 27. Rc2 Qc6 28. Ne4 Nxe4 29. Bxe4 Rxd6 30. Rxd6 Qxd6 1/2-1/2

[Event "Olympiad Women-42"]
[Site "Baku"]
[Date "2016.09.11"]
[Round "9.3"]
[White "Mbatha, Constance Chileshe"]
[Black "Sandiford, Segan"]
[Result "1-0"]
[WhiteElo "1746"]
[BlackElo "1226"]
[PlyCount "63"]
[EventDate "2016.09.02"]
[EventType "team-swiss"]
[EventRounds "11"]
[EventCountry "AZE"]
[SourceTitle "CBM 174 Extra"]
[Source "ChessBase"]
[SourceDate "2016.10.10"]
[SourceVersion "1"]
[SourceVersionDate "2016.10.10"]
[SourceQuality "1"]
[WhiteTeam "Zambia (W)"]
[BlackTeam "Barbados (W)"]
[WhiteTeamCountry "ZAM"]
[BlackTeamCountry "BAR"]

1. e4 e5 2. Nf3 Nc6 3. Bc4 Bc5 4. Nc3 Nf6 5. d3 h6 6. 0-0 d6 7. h3 0-0 8. a3 Be6 9. Ba2 Ne7 10. Na4 Bb6 11. Nxb6 axb6 12. Nh2 Bxa2 13. Rxa2 d5 14. f3 Ng6 15. Ra1 Re8 16. Qe1 Qd6 17. Qf2 b5 18. Bd2 c5 19. g3 Nh5 20. Kg2 Re6 21. Ng4 Rf8 22. Ne3 Ne7 23. Nf5 Nxf5 24. exf5 Ree8 25. Rae1 Nf6 26. Be3 d4 27. Bd2 Nd5 28. Re4 h5 29. Rfe1 Re7 30. g4 hxg4 31. hxg4 Rfe8 32. Qh4 1-0

[Event "Africa-ch (Women)"]
[Site "Windhoek"]
[Date "2014.12.13"]
[Round "1"]
[White "Tjatindi, Kamutuua"]
[Black "Mbatha, Constance Chileshe"]
[Result "1/2-1/2"]
[WhiteElo "1431"]
[BlackElo "1809"]
[PlyCount "99"]
[EventDate "2014.12.13"]
[EventType "swiss"]
[EventRounds "7"]
[EventCountry "NAM"]
[SourceTitle "EXT 2016"]
[Source "ChessBase"]
[SourceDate "2015.10.08"]
[SourceVersion "1"]
[SourceVersionDate "2015.10.08"]
[SourceQuality "1"]

1. d4 d5 2. c4 e6 3. Nc3 Nf6 4. Nf3 c5 5. e3 Nc6 6. Bd3 cxd4 7. exd4 Be7 8. c5 0-0 9. 0-0 h6 10. Re1 b6 11. Be3 Bb7 12. a3 Rc8 13. b4 Re8 14. Bf4 Bf8 15. Nb5 Nh5 16. Bxh6 gxh6 17. Ne5 Ng7 18. Qd2 Qg5 19. f4 Qe7 20. Nd6 Nxe5 21. fxe5 Qh4 22. Nxb7 Qxd4+ 23. Kh1 bxc5 24. bxc5 Bxc5 25. Nd6 Qh4 26. Nxe8 Rxe8 27. Rf1 Rb8 28. Qf4 Qh5 29. g4 Qg5 30. Qxf7+ Kh8 31. Qg6 Qxg6 32. Bxg6 Kg8 33. Rf3 Bd4 34. Raf1 Bxe5 35. Rb1 Rxb1+ 36. Bxb1 Bd6 37. h4 Be7 38. h5 d4 39. Kg2 Ne8 40. Ba2 Nc7 41. Kf2 Kg7 42. a4 Bf6 43. Ke2 a5 44. Rb3 Be5 45. Rb7 Kf6 46. Kf3 d3 47. Ke3 Kg5 48. Rxc7 Bxc7 49. Bxe6 Bd6 50. Kxd3 1/2-1/2

[Event "Olympiad Women-41"]
[Site "Tromsoe"]
[Date "2014.08.12"]
[Round "10.2"]
[White "Mbatha, Constance Chileshe"]
[Black "Atthaworadej, Worasuda"]
[Result "1/2-1/2"]
[WhiteElo "1677"]
[BlackElo "1749"]
[PlyCount "100"]
[EventDate "2014.08.02"]
[EventType "team-swiss"]
[EventRounds "11"]
[EventCountry "NOR"]
[SourceTitle "CBM 162"]
[Source "ChessBase"]
[SourceDate "2014.09.17"]
[SourceVersion "1"]
[SourceVersionDate "2014.09.17"]
[SourceQuality "1"]
[WhiteTeam "Zambia (W)"]
[BlackTeam "Thailand (W)"]
[WhiteTeamCountry "ZAM"]
[BlackTeamCountry "THA"]

1. d4 Nf6 2. c4 g6 3. Nc3 d5 4. Nf3 Bg7 5. e3 0-0 6. Be2 dxc4 7. Bxc4 Nbd7 8. 0-0 c5 9. Bd2 cxd4 10. exd4 Nb6 11. Bb3 Bg4 12. Be3 Qd7 13. h3 Bxf3 14. Qxf3 Rfd8 15. Rfd1 Nfd5 16. Nxd5 Nxd5 17. Rac1 Bf6 18. Rc5 Nb6 19. Rdc1 Rac8 20. Rxc8 Rxc8 21. Rxc8+ Qxc8 22. h4 a5 23. a4 Qd7 24. h5 Nxa4 25. hxg6 hxg6 26. Qg3 e6 27. Bxa4 Qxa4 28. Qb8+ Kg7 29. Qxb7 Bxd4 30. Bxd4+ Qxd4 31. Qb3 Qd5 32. Qc3+ Kg8 33. g3 Qd1+ 34. Kg2 Qd5+ 35. Kg1 Kf8 36. Qc8+ Ke7 37. Qc7+ Kf6 38. Qc3+ Qe5 39. Qf3+ Kg7 40. Qb3 Qe1+ 41. Kg2 Qe4+ 42. Kg1 Qb4 43. Qc2 Qd4 44. Kg2 e5 45. Kg1 e4 46. Qc1 Qe5 47. Kg2 Qd4 48. Kg1 Qe5 49. Kg2 Qd4 50. Kg1 Qe5 1/2-1/2